Pays à l'intérieur des anneaux olympiques - Statistiques

Statistiques générales
  • Ce quiz a été pris 205 fois
  • Le résultat moyen est 12 sur 15
Réponses sur la Carte
Les réponses sont colorées sur une échelle allant du rouge au vert en fonction du pourcentage des utilisateurs qui les ont devinées à leur premier essai. Vous pouvez retrouver ces pourcentages ci-dessous.
 
Statistiques - réponses
Pays % Correct
Australie
98%
Inde
98%
Chine
95%
Allemagne
93%
Madagascar
93%
Nouvelle-Zélande
91%
Portugal
90%
Canada
88%
Viêt Nam
84%
Suisse
82%
Pérou
74%
Bolivie
71%
Éthiopie
69%
Maroc
67%
Samoa
55%
Aucun quiz correspondant
Distribution des résultats
% des personnes avec chaque résultat
Percentile par nombre de réponses
Votre historique - résultats
Vous n’avez pas pris ce quiz